Resignificar el arte : el apropiacionismo de Herman Braun-Vega /

Bibliographic Details
Main Author: Guerrero Zegarra, María Alexandra (Author)
Format: Electronic eBook
Language:Spanish
Published: Lima, Perú : Editorial UPC, [2024]
Edition:Primera edición.
Subjects:
Online Access:Digitalia Hispánica

MARC

LEADER 00000nam a2200000 i 4500
001 DIGUPERCA0148
003 NyNyDIG
007 cr |||||||||||
008 250501s2024 pe a ob 000 0 spa d
006 m o d
035 |a (OCoLC)1519503967 
040 |a DGITA  |b eng  |e rda  |e pn  |c DGITA 
020 |a 9786123185381  |q eBook  |q pdf 
020 |a 9786123185374  |q eBook  |q ePub 
020 |z 9786123185367 
024 7 |a 10.19083/978-612-318-537-4  |2 doi 
043 |a s-pe--- 
050 1 4 |a ND419.B72 ebook 
100 1 |a Guerrero Zegarra, María Alexandra,  |e author. 
245 1 0 |a Resignificar el arte :  |b el apropiacionismo de Herman Braun-Vega /  |c María Alexandra Guerrero Zegarra. 
250 |a Primera edición. 
250 |a Versión e-book. 
264 1 |a Lima, Perú :  |b Editorial UPC,  |c [2024] 
300 |a 1 online resource :  |b color illustrations. 
336 |a text  |b txt  |2 rdacontent 
337 |a computer  |b c  |2 rdamedia 
338 |a online resource  |b cr  |2 rdacarrier 
347 |a text file  |2 rdaft 
347 |b PDF 
347 |b EPUB 
504 |a Includes bibliographical references. 
588 0 |a Online resource; title from ePub title page (Digitalia, viewed May 1, 2025) 
600 1 0 |a Braun-Vega, Herman,  |d 1933-  |x Criticism and interpretation. 
650 0 |a Appropriation (Art)  |z Peru. 
791 2 |a Digitalia (Firm),  |e distributor. 
793 0 |g Digitalia eBook Collection:  |a Universidad Peruana de Ciencias Aplicadas 
776 0 8 |i Print version:  |a Guerrero Zegarra, María Alexandra.  |t Resignificar el arte.  |b Primera edición.  |d Lima, Perú : Editorial UPC, [2024]  |z 9786123185367 
856 4 0 |3 Digitalia Hispánica  |u https://www.digitaliapublishing.com/a/162945/ 
910 |a Premium collection: 2025